| 000 | 00565nam a2200181Ia 4500 | ||
|---|---|---|---|
| 008 | 151202s9999||||xx |||||||||||||| ||und|| | ||
| 082 | _bPNVM-79358 | ||
| 100 | _aकाशिकर एस्.एम्. | ||
| 245 | _aधूमकेतू. | ||
| 260 | _b"मनोरमा प्रकाशन,मुंबई 14." | ||
| 260 | _c2009 | ||
| 300 | _a304 | ||
| 600 | _aकाशिकर एस्.एम्. | ||
| 630 | _aधूमकेतू. | ||
| 700 | _aकाशिकर एस्.एम्. | ||
| 730 | _aधूमकेतू. | ||
| 942 | _cBOOK | ||
| 999 |
_c1343967 _d1343964 |
||